Boot Polish (Record no. 18718)

MARC details
000 -LEADER
fixed length control field 02903ngm a2200469 4500
003 - CONTROL NUMBER IDENTIFIER
control field dpl
005 - DATE AND TIME OF LATEST TRANSACTION
control field 20081119124243.0
007 - PHYSICAL DESCRIPTION FIXED FIELD--GENERAL INFORMATION
fixed length control field DVD
008 - FIXED-LENGTH DATA ELEMENTS--GENERAL INFORMATION
fixed length control field ||||||sp199 xxu|||||c ||| 00| 0 ng d
010 ## - LIBRARY OF CONGRESS CONTROL NUMBER
LC control number DVD-001185 DVD-001646-1647 & DVD-004457-4461
024 ## - OTHER STANDARD IDENTIFIER
Standard number or code SHE DVD 136
Terms of availability 169.00
035 ## - SYSTEM CONTROL NUMBER
System control number DVD-001185 DVD-001646-1647
035 ## - SYSTEM CONTROL NUMBER
System control number DVD-004457-4461
040 ## - CATALOGING SOURCE
Original cataloging agency DPL
Transcribing agency DPL
082 ## - DEWEY DECIMAL CLASSIFICATION NUMBER
Classification number DVD / BOOT
245 ## - TITLE STATEMENT
Title Boot Polish
Statement of responsibility, etc Raj Kapoor Classics Presents
Medium [videorecording] DVD/
260 ## - PUBLICATION, DISTRIBUTION, ETC. (IMPRINT)
Name of publisher, distributor, etc Shemaroo Video Pvt. Ltd.
300 ## - PHYSICAL DESCRIPTION
Extent 1 videodisc DVD; (139 min.) :
Other physical details sd., col. ;
Dimensions 4 3/4 in.
Type of unit DVD
440 ## - SERIES STATEMENT/ADDED ENTRY--TITLE
Title Shemaroo Home Entertainment
500 ## - GENERAL NOTE
General note Digitally Re-Mastered From the Original Film
500 ## - GENERAL NOTE
General note Interactive Menus of Songs and Scenes for Easy Access
500 ## - GENERAL NOTE
General note Filmfare Award Winner Best Supporting Actor: David
538 ## - SYSTEM DETAILS NOTE
System details note Dolby Digital 5.1 - Hindi Subtitles: English
650 ## - SUBJECT ADDED ENTRY--TOPICAL TERM
Topical term or geographic name as entry element Motion Picture
700 ## - ADDED ENTRY--PERSONAL NAME
Personal name Kapoor, Raj
700 ## - ADDED ENTRY--PERSONAL NAME
Personal name Arora, Prakash
700 ## - ADDED ENTRY--PERSONAL NAME
Personal name Shankar Jaikishan
700 ## - ADDED ENTRY--PERSONAL NAME
Personal name Baby Naaz
700 ## - ADDED ENTRY--PERSONAL NAME
Personal name Master Ratan
700 ## - ADDED ENTRY--PERSONAL NAME
Personal name David
942 ## - ADDED ENTRY ELEMENTS (KOHA)
Koha item type CD-ROMs, DVDs, VHS
Source of classification or shelving scheme Dewey Decimal Classification
Classification part DVD
Call number suffix BOOT
Holdings
Withdrawn status Lost status Source of classification or shelving scheme Damaged status Not for loan Home library Current library Date acquired Source of acquisition Cost, normal purchase price Total Checkouts Total Renewals Full call number Barcode Date last seen Date checked out Copy number Cost, replacement price Price effective from Koha item type
    Dewey Decimal Classification     Central Library Central Library 19/11/2008 Purchase 169.00 21 1 DVD BOOT DVD-001185 15/06/2018 04/06/2018 1 169.00 19/11/2008 CD-ROMs, DVDs, VHS
    Dewey Decimal Classification     Janak Puri Janak Puri 12/11/2009 Pioneers/885/29-10-09/325/13-10-09 /06-11-09 169.00 15 1 DVD BOOT DVD-004457 30/12/2013 17/12/2013 1 169.00 12/11/2009 CD-ROMs, DVDs, VHS
    Dewey Decimal Classification     Karol Bagh Karol Bagh 12/11/2009 Pioneers/885/29-10-09/325/13-10-09 /06-11-09 169.00 9   DVD BOOT DVD-004460 27/09/2014 13/09/2014 1 169.00 12/11/2009 CD-ROMs, DVDs, VHS
    Dewey Decimal Classification     Narela Narela 12/11/2009 Pioneers/885/29-10-09/325/13-10-09 /06-11-09 169.00 4   DVD BOOT DVD-004461 22/12/2010 07/12/2010 1 169.00 12/11/2009 CD-ROMs, DVDs, VHS
    Dewey Decimal Classification     Patel Nagar Patel Nagar 29/12/2008 Purchase 169.00 20   DVD BOOT DVD-001647 11/03/2014 05/03/2014 1 169.00 29/12/2008 CD-ROMs, DVDs, VHS
    Dewey Decimal Classification     R.K.Puram-8 R.K.Puram-8 12/11/2009 Pioneers/885/29-10-09/325/13-10-09 /06-11-09 169.00 2   DVD BOOT DVD-004458 20/04/2013 23/01/2013 1 169.00 12/11/2009 CD-ROMs, DVDs, VHS
    Dewey Decimal Classification     Sarojini Nagar Sarojini Nagar 29/12/2008 Purchase 169.00 26 2 DVD BOOT DVD-001646 06/02/2016 25/01/2016 1 169.00 29/12/2008 CD-ROMs, DVDs, VHS
    Dewey Decimal Classification     Vinoba Puri Vinoba Puri 12/11/2009 Pioneers/885/29-10-09/325/13-10-09 /06-11-09 169.00 6   DVD BOOT DVD-004459 17/11/2014 29/10/2014 1 169.00 12/11/2009 CD-ROMs, DVDs, VHS

© Delhi Public Library
Hit Counter
free hit counter